00643nam a22001577a 4500003000400000082001900004100002000023245017100043260004400214300000700258650004100265653004100306942001200347952010900359999001700468SGT a617.6342bE23S aSingh, Lakshita aEvaluation of pain and periapical healing of teeth with Apical Periodontics using CBCT in single vs multiple visit Endodontic treatment bA Randomized Clinical trial  aGurugram, HaryanabSGT Universityc2023 a90 aConservative Dentistry & Endodontics aConservative Dentistry & Endodontics 2ddccTH 00102ddc405171aFDbFDd2023-01-28iSGTUo617.6342 E23SpDT1477r2023-01-28 00:00:00w2023-01-28yTH c23738d23738